The pyrates (Record no. 295688)

MARC details
000 -LEADER
fixed length control field 00531nam a2200193Ia 4500
008 - FIXED-LENGTH DATA ELEMENTS--GENERAL INFORMATION
fixed length control field 191130s2008##################000#0#eng##
020 ## - INTERNATIONAL STANDARD BOOK NUMBER
ISBN 978-0007291052
Paper back/Hardbound pbk
041 ## - LANGUAGE CODE
Language code of text/sound track or separate title eng
082 ## - DEWEY DECIMAL CLASSIFICATION NUMBER
Classification number 823.92 FRA
100 ## - MAIN ENTRY--AUTHOR NAME
Personal name Fraser, George MacDonald
245 ## - TITLE STATEMENT
Title The pyrates
Statement of responsibility, etc George Macdonald Fraser
250 ## - EDITION STATEMENT
Edition statement 1st ed
260 ## - PUBLICATION, DISTRIBUTION, ETC. (IMPRINT)
Place of publication London
Name of publisher HarperCollins Publishers
Year of publication 2008
300 ## - PHYSICAL DESCRIPTION
Number of Pages 421 p. : ill. ; 21 cm
500 ## - GENERAL NOTE
General note Bibliography: p. 403-405
650 ## - SUBJECT ADDED ENTRY--TOPICAL TERM
Topical Term Pirates - Fiction
942 ## - ADDED ENTRY ELEMENTS (KOHA)
Koha item type English Books
Holdings
Withdrawn status Lost status Damaged status Not for loan Home library Current library Shelving location Date acquired Full call number Accession Number Price effective from Koha item type
        Anna Centenary Library Anna Centenary Library 4TH FLOOR, B WING 15.10.2020 823.92 FRA 484128 15.10.2020 English Books

Find us on the map